• 首页
  • 本馆介绍
  • 公告通知
  • 最新文献
  • 馆藏检索
  • 电子资源
  • 读者导购
  • 参考咨询
  • 我的图书馆
  • 登录
  • 详细信息显示
  • 放入我的书架
  • 预约/预借图书
  • 作者相关作品
  • 分类相关作品
  • 丛书相关作品
  • 出版社相关作品

书目信息

  • 表格格式
  • 工作单格式
  • 卡片格式
题名:
五代十国大变局
    
 
作者: 姜越 编著
分册:  
出版信息: 沈阳   辽宁人民出版社  2018
页数: 210页
开本: 24cm
丛书名:
单 册:
中图分类: K243.09
科图分类:
主题词: 古代史--中国--五代十国时期--通俗读物
电子资源:
ISBN: 978-7-205-09197-2
000 00725nam0 2200241 450
001 012001001306
005 20140921103355.0
010    @a978-7-205-09197-2@dCNY43.80
100    @a20180412d2018 em y0chiy50 ea
101 0  @achi
102    @aCN@b210100
105    @ay z 000yy
106    @ar
200 1  @a五代十国大变局@9wu dai shi guo da bian ju@f姜越编著
210    @a沈阳@c辽宁人民出版社@d2018
215    @a210页@d24cm
300    @a王朝拐点系列
330    @a本书以五代十国中具有鲜明特点的些许人物为媒介,讲述这一时代的悲观离合。
606 0  @a古代史@y中国@z五代十国时期@j通俗读物
690    @aK243.09@v5
701  0 @a姜越@9jiang yue@4编著
801  0 @aCN@b上海新华@c20180901
905    @b1043394-8@dK243.09@e19@f5
    
    五代十国大变局/姜越编著.-沈阳:辽宁人民出版社,2018
    210页;24cm
    王朝拐点系列
    
    ISBN 978-7-205-09197-2:CNY43.80
    本书以五代十国中具有鲜明特点的些许人物为媒介,讲述这一时代的悲观离合。
●
相关链接 在E读中查询图书 在五车中查询图书 在当当中查询图书 在豆瓣中查询图书


正题名:五代十国大变局     索取号:K243.09/19         预约/预借

序号 登录号 条形码 馆藏地/架位号 状态 备注
1 1043394   210433949   第二样本阅览室/ [索取号:K243.09/19] 在馆    
2 1043395   210433958   密集书库-史法系/ [索取号:K243.09/19] 在馆    
3 1043396   210433967   第二借阅区/ [索取号:K243.09/19] 在馆    
4 1043397   210433976   第二借阅区/ [索取号:K243.09/19] 在馆    
5 1043398   210433985   第二借阅区/ [索取号:K243.09/19] 在馆    
唐山师范学院图书馆 欢迎您!
大连网信软件有限公司© 版权所有